000 00850nam a22002177a 4500
999 _c19075
_d19075
003 AR-CdUCM
008 190516b ||||| |||| 00| 0 spa d
040 _aMUNICIPALIDAD PROVINCIAL DEL CUSCO
_cBIBLIOTECA MUNICIPAL DEL CUSCO
082 _23ed.
_a741.5 /
_bP27
100 _aPastecca
_940171
245 _aDibujando caricaturas /
260 _aBarcelona :
_bEdiciones CEAC,
_c1974.
300 _a124 páginas ;
_bretratos, ilustraciones,
_c25 cm.
505 _aContenido: Hablemos de caricaturas -- Hagamos caricaturas -- Dos caricaturas: Dávila y Ugalde -- Las victimas propiciatorias -- Un personaje tiene múltiples caricaturas -- Técnicas, modalidades y variantes ...
650 _aCaricatura.
_926790
650 _aDibujo
_913086
650 _aArte
_9561
650 _aEnseñanza
_91616
942 _2ddc
_cLIBROS
945 _aachl
_d2019-05-16